| 000 | 00637nam a2200277Ia 4500 | ||
|---|---|---|---|
| 005 | 20260324150332.0 | ||
| 008 | 008 260324s9999 xx 000 0 eng d | ||
| 020 | _a9781003136323 | ||
| 037 | _aEBOOK | ||
| 040 | _aCRL | ||
| 040 | _beng | ||
| 040 | _cCRL | ||
| 041 | _2eng | ||
| 041 | _aeng | ||
| 084 | _qCRL | ||
| 100 |
_aLeslie H. Palmier _91226069 |
||
| 245 | 0 | _aSocial Status and Power in Java | |
| 260 | _bTaylor and Francis | ||
| 260 | _c1969 | ||
| 365 | _a | ||
| 365 | _b220 | ||
| 856 | _uhttp://www.taylorfrancis.com/books/9781003136323 | ||
| 942 | _cEBOOK | ||
| 999 |
_c1835338 _d1835338 |
||